| 000 | 00605nam a2200241Ia 4500 | ||
|---|---|---|---|
| 001 | 3236 | ||
| 005 | 20240113233619.0 | ||
| 007 | ta | ||
| 008 | 170811s2000 ii g b000 u 465 u | ||
| 040 | _aCotton College,Assam | ||
| 041 | _aeng | ||
| 082 |
_a530 _bOb La |
||
| 100 | _aLakhanpal, R.C.. | ||
| 245 | 0 |
_aObjective Physics / _cR.C. Lakhanpal. _hTextual Documents |
|
| 250 | _a37th ed. / | ||
| 260 |
_aNew Delhi : _bS Dinesh &Company , _c2000. |
||
| 300 |
_a1460p. ; _c23cm. |
||
| 653 | _aPhysics | ||
| 653 | _aG-Physics | ||
| 942 |
_2ddc _cBK |
||
| 999 |
_c3224 _d3224 |
||